00450nam a2200109Ia 4500008004100000100002000041245011100061260006300172300001800235650001200253856007500265160712s9999 xx 000 0 und d aDizon, Hazel M. cHazel M. DizonaThe Contested Development of a Philippine Tourism Landscape: The Case of Nasugbu, Batangas c2015bKasarinlan Philippine Journal of Third World Studies avol. 30 no. 1 xTOURISM uhttp://journals.upd.edu.ph/index.php/kasarinlan/issue/view/533/showToc